Constructing Early Modern empires (Record no. 22018)
[ view plain ]
| 000 -LEADER | |
|---|---|
| fixed length control field | 01523nam a22003734a 4500 |
| 082 04 - DEWEY DECIMAL CLASSIFICATION NUMBER | |
| Classification number | 970 |
| 245 00 - TITLE STATEMENT | |
| Title | Constructing Early Modern empires |
| 260 ## - PUBLICATION, DISTRIBUTION, ETC. (IMPRINT) | |
| Place of publication | Leiden ; |
| -- | Boston : |
| Name of publisher | Brill, |
| Year of publication | 2007. |
| 300 ## - PHYSICAL DESCRIPTION | |
| Number of Pages | vi 423 p. : |
| Other physical details | ill., maps. |
| 490 0# - SERIES STATEMENT | |
| Series statement | Atlantic world, |
| 700 1# - ADDED ENTRY--PERSONAL NAME | |
| Personal name | Roper, L. H. |
| Personal name | Van Ruymbeke, Bertrand, |
| 856 40 - ELECTRONIC LOCATION AND ACCESS | |
| Uniform Resource Identifier | http://site.ebrary.com/lib/rucke/Doc?id=10271057 |
No items available.
